书目信息 |
| 题名: |
花园里来了只独角兽
|
|
| 作者: | 胡晏馨 , 胡晏馨 编著 | |
| 分册: | ||
| 出版信息: | 北京 北京燕山出版社 2007.04 |
|
| 页数: | 264页 | |
| 开本: | 24cm | |
| 丛书名: | ||
| 单 册: | ||
| 中图分类: | I14 | |
| 科图分类: | ||
| 主题词: | 小小说 , 小小说--世界--选集 | |
| 电子资源: | ||
| ISBN: | 978-7-5402-1853-9 | |
| 000 | 00736nam0 22002531 450 | |
| 001 | 004354055 | |
| 005 | 20111228144037.15 | |
| 010 | @a978-7-5402-1853-9@dCNY29.80 | |
| 096 | @aI106@bhyx | |
| 100 | @a20091216e2007 em y0chiy50 ea | |
| 101 | 0 | @achi |
| 102 | @aCN@b110000 | |
| 105 | @ay z 000ay | |
| 200 | 1 | @a花园里来了只独角兽@9hua yuan li lai le zhi du jiao shou@f胡晏馨主编@Fhu yan xin zhu bian |
| 210 | @a北京@c北京燕山出版社@d2007.04@h2009重印 | |
| 215 | @a264页@d24cm | |
| 300 | @a微型短篇小说大观 短篇小说经典 | |
| 606 | 0 | @a小小说 |
| 606 | 0 | @a小小说@y世界@j选集 |
| 690 | @aI14@v4 | |
| 701 | 0 | @a胡晏馨@9hu yan xin@4编著 |
| 701 | 0 | @a胡晏馨@Ahu yan xin@4主编 |
| 801 | 0 | @c20111228 |
| 905 | @aZUCC@dI14@eH520@f2 | |
| 花园里来了只独角兽/胡晏馨主编.-北京:北京燕山出版社,2007.04(2009重印) |
| 264页;24cm |
| 微型短篇小说大观 短篇小说经典 |
| ISBN 978-7-5402-1853-9:CNY29.80 |
| ● |
| 相关链接 |
|
|
|
正题名:花园里来了只独角兽
索取号:I14/H520
 
预约/预借
| 序号 | 登录号 | 条形码 | 馆藏地/架位号 | 状态 | 备注 |
| 1 | 1184182 | 211841827 | 文学库108/108文学库 3排1列3层/ [索取号:I14/H520] | 在馆 | |
| 2 | 1184183 | 211841836 | 社科二线400B/400B社科库 15排3列6层/ [索取号:I14/H520] | 在馆 |